书目信息 |
| 题名: |
环境、社会与可持续发展
|
|
| 作者: | 王书明 , 崔凤 , 同春芬 著 | |
| 分册: | ||
| 出版信息: | 哈尔滨 黑龙江人民出版社 2008.02 |
|
| 页数: | 327页 | |
| 开本: | 21cm | |
| 丛书名: | ||
| 单 册: | ||
| 中图分类: | X-12 , X22 | |
| 科图分类: | ||
| 主题词: | 环境保护--huan jing bao hu--研究--中国 , 可持续发展--ke chi xu fa zhan--研究--中国 | |
| 电子资源: | ||
| ISBN: | 978-7-207-07726-4 | |
| 000 | 01168nam0 2200301 450 | |
| 001 | 012009867812 | |
| 005 | 20090505101656.31 | |
| 010 | @a978-7-207-07726-4@dCNY25.00 | |
| 100 | @a20090505d2008 km y0chiy0120 ea | |
| 101 | 0 | @achi |
| 102 | @aCN@b230000 | |
| 105 | @ay a 000yy | |
| 106 | @ar | |
| 200 | 1 | @a环境、社会与可持续发展@Ahuan jing、she hui yu ke chi xu fa zhan@e环境友好型社会建构的理论与实践@f王书明, 崔凤, 同春芬著@Fwang shu ming,cui feng,tong chun fen zhu |
| 210 | @a哈尔滨@c黑龙江人民出版社@d2008.02 | |
| 215 | @a327页@d21cm | |
| 320 | @a有书目 (第319-325页) | |
| 330 | @a本书的主要内容包括:马克思恩格斯对环境社会学的理论贡献、可持续发展理论的思想渊源与含义、联合国系统环境发展思想的演进等。 | |
| 517 | 1 | @a环境友好型社会建构的理论与实践@Ahuan jing you hao xing she hui jian gou de li lun yu shi jian |
| 606 | 0 | @a环境保护@Ahuan jing bao hu@x研究@y中国 |
| 606 | 0 | @a可持续发展@Ake chi xu fa zhan@x研究@y中国 |
| 690 | @aX-12@v4 | |
| 690 | @aX22@v4 | |
| 701 | 0 | @a王书明@Awang shu ming@4著 |
| 701 | 0 | @a崔凤@Acui feng@4著 |
| 701 | 0 | @a同春芬@Atong chun fen@4著 |
| 801 | 0 | @aCN@bQSSK@c20090505 |
| 905 | @b739612-14@dX-12@eW354@f3 | |
| 环境、社会与可持续发展:环境友好型社会建构的理论与实践/王书明, 崔凤, 同春芬著.-哈尔滨:黑龙江人民出版社,2008.02 |
| 327页;21cm |
| ISBN 978-7-207-07726-4:CNY25.00 |
| 本书的主要内容包括:马克思恩格斯对环境社会学的理论贡献、可持续发展理论的思想渊源与含义、联合国系统环境发展思想的演进等。 |
| ● |
| 相关链接 |
|
|
|
正题名:环境、社会与可持续发展
索取号:X-12/W354
 
预约/预借
| 序号 | 登录号 | 条形码 | 馆藏地/架位号 | 状态 | 备注 |
| 1 | 739612 | 207396129 | 自科二线400A/400A自科库 25排2列5层/ [索取号:X-12/W354] | 在馆 | |
| 2 | 739613 | 207396138 | 自科库501/501自科库 60排6列3层/ [索取号:X-12/W354] | 在馆 | |
| 3 | 739614 | 207396147 | 自科二线400A/400A自科库 27排3列4层/ [索取号:X-12/W354] | 在馆 |